000 01577nam0a2200313 4500
001 RU\NLR\bibl\939732
005 20260407155804.0
010 _a5-94916-066-5
_94000
021 _aRU
_b2006-15827
_9778
035 _a(NLR Aleph) 000927917
090 _a141310
_c141310
100 _a20060427d2006 |||y0rusy50 ca
101 0 _arus
102 _aRU
105 _aa |||||||||
200 1 _aДетский оздоровительный лагерь
_eвоспитательное пространство
_eсборник статей в помощь организаторам летнего отдыха и оздоровления детей
_fМежрегион. обществ. орг. "Содействие дет. отдыху"
_g[сост.: Г.С. Суховейко
_gред.: Л.Н. Игнатьева, к.п.н.]
210 _aМосква
_cЦГЛ
_d2006
215 _a150,[1] с.
_cил.
_d21
320 _aБиблиогр. в конце ст.
606 0 _aДетские оздоровительные лагеря
_jСборники
_xВоспитательная работа
_92184406
_3RU\NLR\auth\661313389
686 _aЧ422(2)113.858я43
702 1 _aСуховейко
_bГ. С.
_4220
702 1 _aИгнатьева
_bЛ. Н.
_4340
712 0 2 _4570
_a"Содействие детскому отдыху", межрегиональная общественная организация
_cМосква
_9695598
_3RU\NLR\AUTH\8810097241
801 0 _aRU
_bNLR
_c20060427
_gPSBO
801 1 _aRU
_bNLR
_c20060427
942 _cBOOK
980 _aNB